Catecismo de la doctrina cristiana: Obra aprobada por la Universidad de Chile para testo de enseñanza en los colejios i mandada adoptar por el Supremo Gobierno

Gespeichert in:
Bibliographische Detailangaben
1. Verfasser: Saavedra, Ramón
Format: Buch
Erschienen: Santiago Imp. de El Estandarte Católico 1876
Ausgabe:
Katalog:MANES:  Suchergebnis im Bibliothekskatalog
Schulbuchspezifische Eigenschaften:
Tags: Tag hinzufügen
Keine Tags, Fügen Sie den ersten Tag hinzu!
Hinzugefügt zu:29.11.1999
Geändert in:25.04.2025

MARC

LEADER 00000nam a22000007a 4500
005 20250425101437.0
008 spa
040 |a MGM 
100 |9 22938  |a Saavedra, Ramón 
245 |a Catecismo de la doctrina cristiana: Obra aprobada por la Universidad de Chile para testo de enseñanza en los colejios i mandada adoptar por el Supremo Gobierno 
250 |a 6° 
260 |a Santiago  |b Imp. de El Estandarte Católico  |c 1876 
300 |a 221 p.  |c 12 x 16,5 cm. 
500 |a Regular estado. Ubicación local: T 200 S111c 1876 
546 |a Chile 
561 |5 cl-MGM  |3 T 200 S111c 1876  |a Chile. Museo Gabriela Mistral  |k MANES 
690 |a RyM 
691 |a PRI  |a SE 
942 |2 ddc  |c BK 
999 |c 53317  |d 53317 
999 |c manes:53317  |d 53317